000 00350nam a2200121Ia 4500
008 240731s9999 xx 000 0 und d
022 _a2050-2885
245 4 _aThe New Bioethics : A Multidisciplinary Journal of Biotechnology and the Body
260 _bRoutledge
856 _uhttps://www.tandfonline.com/loi/ynbi20
942 _2ddc
942 _cTFEJ
999 _c80042
_d80042
945 _a1
_bMadushi Gamage
_c1
_dMadushi Gamage